The machiavellian moment: florentine political thought and the atlantic republican tradition

Saved in:
Bibliografiske detaljer
Hovedforfatter: Pocock, John G. A (Author)
Format: Bog
Sprog:engelsk
Udgivet: Princeton Princenton University Press 2003
Udgivelse:2a. ed
Fag:
Tags: Tilføj Tag
Ingen Tags, Vær først til at tagge denne postø!

MARC

LEADER 00000cam a2200000 a 4500
001 UCD4672
003 CL-VaPUC
005 20240711135005.0
008 160713e20030000us |||||||||||||||||eng|d
999 |c 365542  |d 365540 
020 |a 9780691114729 
020 |a 0691114722 
040 |c Pontificia Universidad Católica de Valparaíso 
082 0 4 |a 320.01  |b POC  |2 21 
100 0 |a Pocock, John G. A  |e author  |9 588407 
245 1 4 |a The machiavellian moment: florentine political thought and the atlantic republican tradition 
250 |a 2a. ed 
260 |a Princeton  |b Princenton University Press  |c 2003 
300 |a 634 p 
583 |a last modification  |c 20160713 20:53:00  |k Rodrigo Vera 
600 0 |a Maquiavelo, Nicolás  |d 1469-1527  |9 255701 
650 7 |a FILOSOFIA POLITICA  |2 CL-VaPUC  |9 588408 
650 7 |a CIENCIA POLITICAS  |2 CL-VaPUC  |9 485339 
942 |c BK  |2 ddc 
945 |d 20160713 20:53:00  |a arojas 
952 |0 0  |1 0  |3 erb  |4 0  |6 320_010000000000000_POC_2003  |7 0  |8 A  |9 479425  |a FDOHBE  |b FDOHBE  |e Huesbe Llanos, Marco Antonio, 1934-  |i 5331145  |o 320.01 POC 2003  |p 5331145  |r 2024-01-30  |w 2019-11-24  |y BK  |z Catalogado en:20160713  |k HBE